Introductory microbiology
Content: introductory microbiology; cell biolohy; microbial genetics; biotechnology; microbial ecology.
Wedi'i Gadw mewn:
| Prif Awdur: | |
|---|---|
| Fformat: | Llyfr |
| Iaith: | Undetermined |
| Cyhoeddwyd: |
Cần Thơ
Nxb. Đại học Cần Thơ
2009
|
| Pynciau: | |
| Tagiau: |
Ychwanegu Tag
Dim Tagiau, Byddwch y cyntaf i dagio'r cofnod hwn!
|
| Thư viện lưu trữ: | Trung tâm Học liệu Trường Đại học Cần Thơ |
|---|
| LEADER | 00669nam a2200193Ia 4500 | ||
|---|---|---|---|
| 001 | CTU_192567 | ||
| 008 | 210402s9999 xx 000 0 und d | ||
| 082 | |a 579 | ||
| 082 | |b H307 | ||
| 100 | |a Nguyễn, Hữu Hiệp | ||
| 245 | 0 | |a Introductory microbiology | |
| 245 | 0 | |c Nguyễn Hữu Hiệp, Cao Ngọc Điệp | |
| 260 | |a Cần Thơ | ||
| 260 | |b Nxb. Đại học Cần Thơ | ||
| 260 | |c 2009 | ||
| 520 | |a Content: introductory microbiology; cell biolohy; microbial genetics; biotechnology; microbial ecology. | ||
| 650 | |a Vi sinh vật,Microbiology | ||
| 904 | |i Tuyến | ||
| 980 | |a Trung tâm Học liệu Trường Đại học Cần Thơ | ||